000 00532nam a2200181Ia 4500
999 _c28425
_d28425
003 OSt
005 20201202140515.0
008 190216s9999||||xx |||||||||||||| ||und||
020 _a9788130001999
040 _coclc
082 _a894.8124
_bGOP/K
100 _aGopalakrishnan, K
_94189
245 0 _aKavikal Padiyathum Padathathum /
_cK Gopalakrishnan
260 _bPoorna Publications,
_aKozhikode:
_c2005.
300 _a128p
650 _aLekhanam
942 _cBK
_2ddc
_h894.8124
_iGOP/K
_k894.8124
_mGOP/K